000 00624nam a22002177a 4500
005 20171120150259.0
010 _aENG-121491
020 _a9789352590421
_c450.00
035 _aEN-105023
037 _bDBAD/PUB
082 _a541.3
100 _aSharma, K K
245 _aA textbook of physical chemistry /
_cby K K Sharma [and] L K Sharma
250 _aSixth Edition
260 _aNoida
_bVikas Publishing House
_c2016
270 _aE-28, Sector 8,
_bNoida (UP)
_e201301
300 _axvi,863p.
_c25cm(pbk)
500 _aIncludes index
700 _dSharma, L K
942 _2ddc
_cEN
_h541.3
_mSHA
999 _c147590
_d147590